[Event "Jihocesky sachovy svaz,"]
[Site ""]
[Date "2024.10.20"]
[Round "1.4.5"]
[White "Safranek, Vaclav"]
[Black "Rodling, Robert"]
[Result "1/2-1/2"]
[WhiteFideId "376507"]
[BlackFideId "342300"]
[WhiteElo "1930"]
[BlackElo "1850"]
[PlyCount "0"]
[WhiteTeam "Spartak Kaplice"]
[BlackTeam "Slavia Ceske Budejovice"]
[EventDate "2024.10.20"]

1. e4 c5 2. Nf3 d6 3. b3 e5 4. Bb2 Nf6 5. d3 Be7 6. Nbd2 Nc6 7. c3 h6 8. Be2 a6 9. O-O O-O 10. d4 cxd4 11. cxd4 exd4 12. Nxd4 Bd7 13. Re1 Nxd4 14. Bxd4 Bc6 15. Bd3 b5 16. Rc1 Rc8 17. Qf3 Qd7 18. h3 Bb7 19. Bb1 Qe6 20. Qd3 g6 21. Qe3 Kh7 22. f4 Rxc1 23. Rxc1 Rc8 24. Rf1 Rf8 25. g4 Qc8 26. Qc3 { 1/2-1/2  wins. } 1/2-1/2

[Event "Jihocesky sachovy svaz,"]
[Site ""]
[Date "2024.10.20"]
[Round "1.4.6"]
[White "Junek, Petr"]
[Black "Polach, Jaroslav"]
[Result "0-1"]
[WhiteFideId "23739282"]
[BlackFideId "23728213"]
[WhiteElo "1751"]
[BlackElo "1936"]
[PlyCount "0"]
[WhiteTeam "Slavia Ceske Budejovice"]
[BlackTeam "Spartak Kaplice"]
[EventDate "2024.10.20"]

1. e4 e5 2. Nf3 Nc6 3. Bb5 Nd4 4. Nxd4 exd4 5. c3 Qg5 6. Bf1 Bc5 7. d3 Qf6 8. Qc2 Ne7 9. b4 Bb6 10. a4 dxc3 11. Be3 d5 12. Bxb6 axb6 13. Nxc3 dxe4 14. dxe4 O-O 15. Bd3 Qd4 16. b5 Be6 17. O-O Ng6 18. Ne2 Qc5 19. Rfc1 Qxc2 20. Bxc2 Rfd8 21. Rd1 Bc4 22. Rxd8+ Rxd8 23. Rd1 Rxd1+ 24. Bxd1 c5 25. Nc3 Kf8 26. Nd5 Bxd5 27. exd5 Ke7 28. Bb3 Kd6 29. g3 Ne7 30. f4 Nxd5 31. Kf2 f6 32. Kf3 Nc7 33. Ke4 Ne6 34. Bd5 f5+ 35. Kxf5 Kxd5 36. g4 { 0-1 Black wins. } 0-1

[Event "Jihocesky sachovy svaz,"]
[Site ""]
[Date "2024.10.20"]
[Round "1.4.7"]
[White "Kohout, Jan"]
[Black "Durchan, Milan"]
[Result "1/2-1/2"]
[WhiteFideId "334944"]
[BlackFideId "333212"]
[WhiteElo "1898"]
[BlackElo "1819"]
[PlyCount "0"]
[WhiteTeam "Spartak Kaplice"]
[BlackTeam "Slavia Ceske Budejovice"]
[EventDate "2024.10.20"]

1. e4 c6 2. Nc3 d5 3. d3 dxe4 4. Nxe4 Nf6 5. Be3 Nxe4 6. dxe4 Qxd1+ 7. Rxd1 Nd7 8. Be2 Nb6 9. b3 e5 10. Nf3 f6 11. O-O Be6 12. Nh4 g6 13. g3 Be7 14. f4 exf4 15. gxf4 Bh3 16. Ng2 Kf7 17. Rd3 Rhd8 18. Rfd1 Rxd3 19. cxd3 Nd7 20. d4 a6 21. Bc4+ Ke8 22. Kf2 b5 23. Be2 Rc8 24. Ne1 Be6 25. Nf3 f5 26. d5 cxd5 27. exd5 Bf7 28. a4 bxa4 29. d6 Bf8 30. Bxa6 Rc2+ { 1/2-1/2  wins. } 1/2-1/2

[Event "Jihocesky sachovy svaz,"]
[Site ""]
[Date "2024.10.20"]
[Round "1.4.8"]
[White "Dusek, Miloslav"]
[Black "Janostak, Jiri"]
[Result "0-1"]
[WhiteFideId "363910"]
[BlackFideId "23700106"]
[WhiteElo "1775"]
[BlackElo "1790"]
[PlyCount "0"]
[WhiteTeam "Slavia Ceske Budejovice"]
[BlackTeam "Spartak Kaplice"]
[EventDate "2024.10.20"]

1. e4 e6 2. d4 d5 3. exd5 exd5 4. Nf3 Nf6 5. Bg5 Be7 6. Be2 h6 7. Bh4 Bf5 8. O-O Nbd7 9. Nc3 c6 10. Re1 O-O 11. h3 Bd6 12. Bd3 Bxd3 13. Qxd3 Qc7 14. Re2 Rfe8 15. Rae1 Rxe2 16. Rxe2 Re8 17. Rxe8+ Nxe8 18. Ne2 Nef6 19. Bg3 Ne4 20. Bxd6 Qxd6 21. Nd2 Ndf6 22. f3 Ng5 23. a3 Nh5 24. Nf1 Qf6 25. Qe3 Qg6 26. g4 Nf6 27. h4 Ne6 28. Qd2 Nxg4 29. fxg4 Qxg4+ 30. Nfg3 Qxh4 31. Nf5 Qg4+ 32. Neg3 Nf4 33. Qe3 Qd1+ 34. Kf2 Qxc2+ 35. Kf3 Ne6 36. Qe5 Qd1+ 37. Kg2 Qd2+ 38. Kf1 Qc1+ 39. Kg2 Qxb2+ 40. Kh3 Qc3 41. Qb8+ Kh7 42. Ne7 Ng5+ 43. Kg2 Qd2+ 44. Kf1 Qd1+ 45. Kg2 Qf3+ 46. Kh2 Qf2+ 47. Kh1 Qe1+ { 0-1 Black wins. } 0-1

[Event "Jihocesky sachovy svaz,"]
[Site ""]
[Date "2024.10.20"]
[Round "1.5.1"]
[White "Janda, Pavel"]
[Black "Vlach, Martin"]
[Result "0-1"]
[WhiteFideId "307807"]
[BlackFideId "342548"]
[WhiteElo "2082"]
[BlackElo "1908"]
[PlyCount "0"]
[WhiteTeam "Spartak Sezimovo Usti"]
[BlackTeam "CZ Strakonice"]
[EventDate "2024.10.20"]

1. c4 Nf6 2. Nc3 g6 3. e4 d6 4. g3 Bg7 5. Bg2 O-O 6. Nge2 c6 7. O-O Bg4 8. f3
Bd7 9. h3 e5 10. d3 Qb6+ 11. Kh2 Ne8 12. Na4 Qc7 13. Be3 c5 14. Nac3 Bc6 15.
Qd2 Nd7 16. h4 a6 17. Bh3 b5 18. Nd5 Bxd5 19. cxd5 Qd8 20. Kg2 Nb6 21. Rac1 a5
22. h5 Nc7 23. Rh1 f6 24. hxg6 hxg6 25. f4 Qe7 26. b3 b4 27. a4 bxa3 28. Ra1 f5
29. fxe5 fxe4 30. exd6 Qxd6 31. Rac1 exd3 32. Nf4 Nbxd5 33. Bxc5 Nxf4+ 34. Kh2
Qe5 35. Bxf8 Nh5 36. Qg2 Rxf8 37. Rce1 Qb2 0-1

[Event "Jihocesky sachovy svaz,"]
[Site ""]
[Date "2024.10.20"]
[Round "1.5.2"]
[White "Kotal, Vit"]
[Black "Riha, Martin"]
[Result "1/2-1/2"]
[WhiteFideId "391549"]
[BlackFideId "331805"]
[WhiteElo "1706"]
[BlackElo "1948"]
[PlyCount "0"]
[WhiteTeam "CZ Strakonice"]
[BlackTeam "Spartak Sezimovo Usti"]
[EventDate "2024.10.20"]

1. e4 d5 2. exd5 Qxd5 3. Nc3 Qa5 4. d4 Nf6 5. Bc4 c6 6. Bd2 Qc7 7. Nf3 Bf5 8.
Bg5 e6 9. Qe2 Be7 10. a4 O-O 11. O-O Re8 12. Ne5 Nbd7 13. h3 Nxe5 14. dxe5 Nd5
15. Bxe7 Nxc3 16. bxc3 Qxe7 17. Rad1 Rad8 18. g4 Bg6 19. Rd4 Rxd4 20. cxd4 Rd8
21. c3 h5 22. f4 hxg4 23. hxg4 c5 24. f5 exf5 25. d5 Qg5 26. e6 fxe6 27. dxe6
Re8 28. Rf2 Kh8 29. Rg2 Qc1+ 30. Kf2 Qf4+ 31. Kg1 Qc1+ 32. Kf2 Qf4+ 1/2-1/2

[Event "Jihocesky sachovy svaz,"]
[Site ""]
[Date "2024.10.20"]
[Round "1.5.3"]
[White "Petranek, Marian"]
[Black "Novak, Vaclav"]
[Result "1-0"]
[WhiteFideId "342203"]
[BlackFideId "23700211"]
[WhiteElo "1945"]
[BlackElo "1928"]
[PlyCount "0"]
[WhiteTeam "Spartak Sezimovo Usti"]
[BlackTeam "CZ Strakonice"]
[EventDate "2024.10.20"]

1. d4 d5 2. c4 e6 3. Nf3 Nf6 4. Bg5 Be7 5. e3 Nbd7 6. Nc3 c6 7. cxd5 Nxd5 8.
Bxe7 Qxe7 9. e4 Nxc3 10. bxc3 O-O 11. Bd3 e5 12. O-O exd4 13. cxd4 Nf6 14. Qc2
h6 15. h3 Nh5 16. Rfe1 Nf4 17. Bf1 Qf6 18. Re3 Re8 19. Rd1 Be6 20. Ne5 Qd8 21.
Rf3 Nh5 22. d5 cxd5 23. exd5 Bxd5 24. Nxf7 Bxf7 25. Rxd8 Raxd8 26. Bc4 Bxc4 27.
Qxc4+ Kh8 28. Re3 Rf8 29. Rd3 Nf6 30. Rxd8 Rxd8 31. Qc7 Rd7 32. Qb8+ Kh7 33.
Qxa7 Kg6 34. Qb6 Kf5 35. g4+ Kg5 36. Qe3+ Kg6 37. Qe6 Kh7 38. h4 Rd4 39. Qf5+
Kh8 40. g5 Rd5 41. Qc8+ Kh7 42. gxf6 1-0

[Event "Jihocesky sachovy svaz,"]
[Site ""]
[Date "2024.10.20"]
[Round "1.5.4"]
[White "Soucha, Stepan"]
[Black "Novak, Jiri"]
[Result "1/2-1/2"]
[WhiteFideId "342360"]
[BlackFideId "342165"]
[WhiteElo "1878"]
[BlackElo "1910"]
[PlyCount "0"]
[WhiteTeam "CZ Strakonice"]
[BlackTeam "Spartak Sezimovo Usti"]
[EventDate "2024.10.20"]

1. d4 d5 2. c4 e6 3. Nf3 c6 4. Nc3 f5 5. Bg5 Nf6 6. e3 Be7 7. Be2 O-O 8. O-O
Nbd7 9. Qc2 Ne4 10. Bxe7 Qxe7 11. Rfd1 g5 12. Ne5 Nxe5 13. dxe5 Nxc3 14. Qxc3
Bd7 15. f4 Rfd8 16. b4 Be8 17. a4 Rac8 18. a5 c5 19. b5 gxf4 20. exf4 d4 21.
Qh3 Rd7 22. Rd3 Qf8 23. Raa3 Rg7 24. Rg3 Rxg3 25. Qxg3+ Qg7 26. Qh4 Kh8 27. Rg3
Qf8 28. Rh3 Qg7 29. Bd3 Bg6 30. Qg5 Be8 31. Qh4 Bg6 32. Rg3 Rf8 33. Rg5 h6 34.
Rg3 Kh7 35. Be2 Qd7 36. Rh3 Qg7 37. Bd3 Rg8 38. Rg3 Qf7 39. Rh3 Qg7 40. Be2 Rf8
41. Rg3 Qf7 42. Rh3 1/2-1/2

[Event "Jihocesky sachovy svaz,"]
[Site ""]
[Date "2024.10.20"]
[Round "1.5.5"]
[White "Novak, Pavel"]
[Black "Trita, Stanislav"]
[Result "1-0"]
[WhiteFideId "342173"]
[BlackFideId "342505"]
[WhiteElo "1904"]
[BlackElo "1807"]
[PlyCount "0"]
[WhiteTeam "Spartak Sezimovo Usti"]
[BlackTeam "CZ Strakonice"]
[EventDate "2024.10.20"]

1. d4 Nf6 2. c4 g6 3. Nc3 Bg7 4. e4 d6 5. Nf3 O-O 6. Be2 Nbd7 7. Bg5 h6 8. Bh4
c6 9. Qd2 a6 10. O-O b5 11. cxb5 cxb5 12. e5 dxe5 13. dxe5 Ng4 14. Rad1 Bb7 15.
Qxd7 1-0

[Event "Jihocesky sachovy svaz,"]
[Site ""]
[Date "2024.10.20"]
[Round "1.5.6"]
[White "Burian, Petr"]
[Black "Pekarovic, Jaroslav"]
[Result "0-1"]
[WhiteFideId "341711"]
[BlackFideId "329460"]
[WhiteElo "1816"]
[BlackElo "1851"]
[PlyCount "0"]
[WhiteTeam "CZ Strakonice"]
[BlackTeam "Spartak Sezimovo Usti"]
[EventDate "2024.10.20"]

1. e4 g6 2. d4 d6 3. Nf3 Bg7 4. Bc4 Nf6 5. Nc3 O-O 6. O-O c6 7. Bg5 b5 8. Bb3
b4 9. Bxf6 Bxf6 10. Ne2 Bg4 11. Qd3 Qb6 12. c3 a5 13. Bc2 Na6 14. h3 Bxf3 15.
Qxf3 c5 16. Nf4 bxc3 17. bxc3 cxd4 18. Nd5 Qb2 19. Nxf6+ exf6 20. Bb3 Nc5 21.
cxd4 Nxb3 22. axb3 Qxd4 23. Rfd1 Qe5 24. Rdc1 Rfe8 25. Ra4 Rac8 26. Rxc8 Rxc8
27. Qe3 Rc3 28. f4 Rxe3 29. fxe5 fxe5 30. Rxa5 Rxb3 31. Kf2 Rd3 32. Ke2 Rd4 33.
Ke3 Kg7 34. h4 f5 35. Rd5 Rxd5 36. exd5 e4 37. Kf4 Kf6 38. g3 h6 0-1

[Event "Jihocesky sachovy svaz,"]
[Site "?"]
[Date "2024.10.20"]
[Round "1.6"]
[White "Nagy, Ladislav"]
[Black "Popelka, Oldrich"]
[Result "1/2-1/2"]
[WhiteElo "2188"]
[BlackElo "2034"]
[PlyCount "55"]
[EventDate "2024.10.20"]
[WhiteTeam "QCC Ceske Budejovice C"]
[BlackTeam "Slovan Jindrichuv Hradec"]

1. e4 c5 2. Nf3 g6 3. d4 cxd4 4. Nxd4 Bg7 5. c4 Nc6 6. Be3 d6 7. Nc3 Nf6 8. Be2 O-O 9. O-O a5 10. f3 Nxd4 11. Bxd4 Nd7 12. b3 Bxd4+ 13. Qxd4 Qb6 14. Qxb6 Nxb6 15. Nd5 Nxd5 16. cxd5 Bd7 17. Rac1 Rfc8 18. Kf2 f5 19. Ke3 Kf7 20. exf5 Bxf5 21. Bb5 Rxc1 22. Rxc1 Rc8 23. Rxc8 Bxc8 24. a3 Kf6 25. f4 h6 26. b4 axb4 27. axb4 Bf5 28. Bf1 1/2-1/2

[Event "Jihocesky sachovy svaz,"]
[Site "?"]
[Date "2024.10.20"]
[Round "1.6"]
[White "Ptacnik, Pavel"]
[Black "Placer, Sebastian"]
[Result "0-1"]
[WhiteElo "2020"]
[BlackElo "2180"]
[PlyCount "78"]
[EventDate "2024.10.20"]
[WhiteTeam "Slovan Jindrichuv Hradec"]
[BlackTeam "QCC Ceske Budejovice C"]

1. d4 Nf6 2. Nf3 g6 3. c4 Bg7 4. Nc3 d5 5. e3 O-O 6. Be2 c5 7. O-O cxd4 8. Nxd4 dxc4 9. Bxc4 a6 10. a4 Qc7 11. Qe2 e5 12. Nc2 e4 13. Nd5 Nxd5 14. Bxd5 Re8 15. Nd4 Qc5 16. Qc4 Qxc4 17. Bxc4 Bd7 18. Ra2 Nc6 19. Nxc6 Bxc6 20. a5 Red8 21. b4 Bf8 22. Bd2 Rac8 23. Rb1 Ba4 24. Rxa4 Rxc4 25. Be1 Rd5 26. Kf1 Rb5 27. Rb2 f5 28. Ke2 Kf7 29. Kd1 Ke6 30. Rc2 Kd5 31. Rd2+ Kc6 32. Rc2 Rd5+ 33. Kc1 Kb5 34. Raa2 Rd7 35. Rxc4 Kxc4 36. Kc2 Rd3 37. Rb2 Bg7 38. Rb1 Ra3 39. Rc1 Ra2+ 0-1

[Event "Jihocesky sachovy svaz,"]
[Site "?"]
[Date "2024.10.20"]
[Round "1.6"]
[White "Nejdl, Eduard"]
[Black "Chval, Petr"]
[Result "1-0"]
[WhiteElo "1941"]
[BlackElo "1967"]
[PlyCount "45"]
[EventDate "2024.10.20"]
[WhiteTeam "QCC Ceske Budejovice C"]
[BlackTeam "Slovan Jindrichuv Hradec"]

1. e4 c5 2. Nf3 d6 3. Nc3 a6 4. d4 cxd4 5. Nxd4 Nf6 6. g3 b5 7. Bg2 Bb7 8. O-O e6 9. Re1 Qc7 10. a4 b4 11. Nd5 exd5 12. exd5+ Kd8 13. Bg5 Nbd7 14. c3 h6 15. Bxf6+ Nxf6 16. cxb4 Rc8 17. Qe2 g6 18. b5 Qc5 19. Nc6+ Bxc6 20. dxc6 Kc7 21. b4 Qxb4 22. b6+ Qxb6 23. Rab1 1-0

[Event "Jihocesky sachovy svaz,"]
[Site "?"]
[Date "2024.10.20"]
[Round "1.6"]
[White "Nagyova, Daniela"]
[Black "Kolousek, Pavel"]
[Result "1-0"]
[WhiteElo "1836"]
[BlackElo "1912"]
[PlyCount "81"]
[EventDate "2024.10.20"]
[WhiteTeam "QCC Ceske Budejovice C"]
[BlackTeam "Slovan Jindrichuv Hradec"]

1. e4 c5 2. Nf3 d6 3. d4 cxd4 4. Nxd4 Nf6 5. Nc3 a6 6. Be2 e5 7. Nb3 Be7 8. Be3 Nbd7 9. a4 Qc7 10. O-O O-O 11. f3 Nc5 12. Nxc5 dxc5 13. Bc4 b6 14. Qe2 Bb7 15. Rad1 Rfd8 16. Rxd8+ Qxd8 17. Rd1 Qc8 18. b3 a5 19. Bg5 Bc6 20. Bxf6 Bxf6 21. Bd5 g6 22. Qc4 Qc7 23. Bxc6 Qxc6 24. Qd5 Qe8 25. Qd6 Qd8 26. Qc6 Qc8 27. Qxf6 c4 28. Qxe5 cxb3 29. cxb3 Qc6 30. Nd5 Qc2 31. Nf6+ Kf8 32. Nxh7+ Kg8 33. Nf6+ Kf8 34. Nd7+ Kg8 35. Qd5 Rc8 36. Ne5 Rc7 37. Nxg6 Rc5 38. Ne7+ Kg7 39. Nf5+ Kg6 40. Qd6+ f6 41. Qg3+ 1-0

[Event "Jihocesky sachovy svaz,"]
[Site "?"]
[Date "2024.10.20"]
[Round "1.6"]
[White "Plasil, Vojtech"]
[Black "Havlicek, Jiri"]
[Result "1/2-1/2"]
[WhiteElo "1907"]
[BlackElo "1889"]
[PlyCount "80"]
[EventDate "2024.10.20"]
[WhiteTeam "Slovan Jindrichuv Hradec"]
[BlackTeam "QCC Ceske Budejovice C"]

1. d4 Nf6 2. c4 g6 3. Nc3 Bg7 4. g3 O-O 5. Bg2 d6 6. e4 Nbd7 7. Nf3 c5 8. O-O cxd4 9. Nxd4 Nc5 10. Bg5 h6 11. Bxf6 Bxf6 12. Qd2 Bg7 13. Rad1 Bg4 14. f3 Be6 15. b3 a5 16. Nd5 Bxd5 17. cxd5 Qb6 18. Kh1 Bxd4 19. Qxd4 Nd7 20. Qd2 Kh7 21. f4 Qb4 22. Qe3 Rac8 23. Rc1 Rc5 24. Rxc5 Qxc5 25. Qxc5 Nxc5 26. Rc1 b5 27. Kg1 b4 28. Kf1 Rc8 29. Rc4 Rc7 30. Ke2 Kg7 31. Kd2 g5 32. Bf3 Na6 33. Rxc7 Nxc7 34. Be2 Kf6 35. Ke3 e5 36. dxe6 gxf4+ 37. gxf4 fxe6 38. Kd4 Ke7 39. Bc4 Kd7 40. h3 Ke7 1/2-1/2

[Event "Jihocesky sachovy svaz,"]
[Site "?"]
[Date "2024.10.20"]
[Round "1.6"]
[White "Pavlicek, Adam"]
[Black "Kocmanek, Lukas"]
[Result "1-0"]
[WhiteElo "1799"]
[BlackElo "1803"]
[PlyCount "63"]
[EventDate "2024.10.20"]
[WhiteTeam "QCC Ceske Budejovice C"]
[BlackTeam "Slovan Jindrichuv Hradec"]

1. e4 c5 2. Nf3 d6 3. c3 Nf6 4. d3 Nc6 5. Be2 Bd7 6. Bg5 e6 7. Nbd2 Be7 8. d4 cxd4 9. cxd4 Qb6 10. Nc4 Qc7 11. e5 dxe5 12. dxe5 Bb4+ 13. Bd2 Nd5 14. Bxb4 Ncxb4 15. a3 Nc6 16. Nd6+ Kf8 17. Rc1 Qb8 18. Bb5 h6 19. Bxc6 Bxc6 20. Nd4 Ne7 21. O-O g5 22. f4 Ng6 23. Qh5 Rh7 24. Nxe6+ fxe6 25. Qxg6 Rg7 26. fxg5+ Kg8 27. Qxe6+ Kh7 28. Qxh6+ Kg8 29. Qe6+ Kh7 30. Rc3 Rxg5 31. Rh3+ Kg7 32. Qf7# 1-0

[Event "Jihocesky sachovy svaz,"]
[Site "?"]
[Date "2024.10.20"]
[Round "1.6"]
[White "Plucar, Jiri"]
[Black "Nagy, Ladislav"]
[Result "1/2-1/2"]
[WhiteElo "1752"]
[BlackElo "1806"]
[PlyCount "26"]
[EventDate "2024.10.20"]
[WhiteTeam "Slovan Jindrichuv Hradec"]
[BlackTeam "QCC Ceske Budejovice C"]

1. d4 Nf6 2. c4 e6 3. Nc3 Bb4 4. Qb3 c5 5. a3 cxd4 6. Qxb4 dxc3 7. Qxc3 d5 8. cxd5 exd5 9. Bg5 d4 10. Qd2 h6 11. Bxf6 Qxf6 12. Nf3 Nc6 13. Rd1 O-O 1/2-1/2